The sexual paradox : men, women and the real gender gap (Record no. 293411)

MARC details
000 -LEADER
fixed length control field 00737nam a2200241Ia 4500
008 - FIXED-LENGTH DATA ELEMENTS--GENERAL INFORMATION
fixed length control field 191130s2008##################000#0#eng##
020 ## - INTERNATIONAL STANDARD BOOK NUMBER
ISBN 9781843548225
082 ## - DEWEY DECIMAL CLASSIFICATION NUMBER
Classification number 306.3615 PIN
100 ## - MAIN ENTRY--AUTHOR NAME
Personal name Pinker, Susan
245 ## - TITLE STATEMENT
Title The sexual paradox : men, women and the real gender gap
Statement of responsibility, etc Susan Pinker
250 ## - EDITION STATEMENT
Edition statement 1st Scribner hardcover ed
260 ## - PUBLICATION, DISTRIBUTION, ETC. (IMPRINT)
Place of publication New York
Name of publisher Scribner
Year of publication 2008
300 ## - PHYSICAL DESCRIPTION
Number of Pages x, 340 p. : ill. ; 24 cm
500 ## - GENERAL NOTE
General note Includes bibliographical references (p. 309-328) and index
650 ## - SUBJECT ADDED ENTRY--TOPICAL TERM
Topical Term Sex differences
Topical Term Sex role
Topical Term Sexual division of labor
991 ## -
-- 214805
Holdings
Withdrawn status Lost status Damaged status Not for loan Home library Current library Shelving location Date acquired Full call number Accession Number Price effective from Koha item type
        Anna Centenary Library Anna Centenary Library 3RD FLOOR, B WING 15.10.2020 306.3615 PIN 412955 15.10.2020 Books
        Anna Centenary Library Anna Centenary Library 3RD FLOOR, B WING 15.10.2020 306.3615 PIN 474058 15.10.2020 English Books

Find us on the map